| 000 | 00733 a2200229 4500 | ||
|---|---|---|---|
| 001 | TB12453 | ||
| 003 | IN-BhIIT | ||
| 005 | 20260312185649.0 | ||
| 008 | 250715b |||||||| |||| 00| 0 eng d | ||
| 020 | _a9781032032771 (PBK) | ||
| 040 | _aIN-BhIIT | ||
| 041 | _aeng | ||
| 082 |
_a190.904 _bMOR/R |
||
| 245 |
_aThe routledge companion to twentieth century philosophy / _cedited by Dermot Moran |
||
| 260 |
_aLondon : _bRoutledge, _c2008. |
||
| 300 |
_axvi, 1024 p. : _bill. ; _c24 cm. |
||
| 504 | _aIncludes bibliographical references and index | ||
| 650 |
_aModern western philosophy _922104 |
||
| 650 |
_aModern western and other noneastern philosophy _926184 |
||
| 700 |
_aMoran, Dermot _eEditor _926185 |
||
| 942 |
_cTB _01 |
||
| 999 |
_c14628 _d14628 |
||